ბათუმის შოთა რუსთაველის სახელმწიფო უნივერსიტეტის ბიბლიოთეკა

საერთაშორისო ფინანსები : (ბიბ.ჩანაწერი № 62093)

000 -ლიდერი
ფიქსირებული სიგრძის საკონტროლო ველი 01357nam a22002417a 4500
003 - საკონტროლო ნომრის იდენტიფიკატორი
საკონტროლო ველი Ge_BSU
005 - ბოლო ოპერაციის თარიღი და დრო
საკონტროლო ველი 20240708162445.0
008 - ფიქსირებული სიგრძის მონაცემთა ელემენტები - ზოგადი ინფორმაცია
ფიქსირებული სიგრძის საკონტროლო ველი 240708s2023 ge ||||| |||| 00| 0 geo d
020 ## - წიგნის საერთაშორისო სტანდარტული ნომერი
International Standard Book Number 9789941852152
041 ## - ენის კოდი
Language code of text/sound track or separate title geo
080 ## - უნივერსალური ათობითი კლასიფიკაციის ინდექსი
Universal Decimal Classification number 339.7(075.8)ს-21
100 ## - მთავარი ჩანაწერი - პიროვნების სახელი
Personal name სამჭკუაშვილი, ნინო
Relator term ავტორი.
9 (RLIN) 22761
245 ## - ცნობა სათაურის შესახებ
Title საერთაშორისო ფინანსები :
Remainder of title (სახელმძღვანელო) /
Statement of responsibility, etc ნინო სამჭკუაშვილი, ვალერი მოსიაშვილი ; მეცნიერ რედაქტორი გიორგი ცაავა.
264 ## - წარმოების, გამოცემის, დისტრიბუციის და სხვა ცნობები
გამოცემის, წარმოების, დისტრიბუციის... ადგილი თბილისი :
გამოცემის, წარმოების, დისტრიბუციის... სახელწოდება ეკგი,
გამოცემის, წარმოების, დისტრიბუციის... თარიღი 2023.
300 ## - ფიზიკური აღწერა
Extent 368 გვ. :
Other physical details ნახ. ;
Dimensions 20 სმ.
504 ## - BIBLIOGRAPHY, ETC. NOTE
Bibliography, etc ბიბლიოგრაფია ტექსტის შენიშვნებში და გვ. 349-364.
546 ## - LANGUAGE NOTE
Language note თავფურცლის მე-2 გვერდი ინგლისურ ენაზე.
653 ## - INDEX TERM--UNCONTROLLED
Uncontrolled term საერთაშორისო ფინანსები
653 ## - INDEX TERM--UNCONTROLLED
Uncontrolled term ეკონომიკა
700 ## - ADDED ENTRY--PERSONAL NAME
Personal name მოსიაშვილი, ვალერი
9 (RLIN) 13903
700 ## - ADDED ENTRY--PERSONAL NAME
Personal name ცაავა, გიორგი
Relator term რედაქტორი
9 (RLIN) 13902
942 ## - ADDED ENTRY ELEMENTS (KOHA)
Source of classification or shelving scheme
Koha item type წიგნი
ეგზემპლარები
ჩამოწერის სტატუსი დაკარგული ეგზემპლარის სტატუსი კლასიფიკაციის წყარო ან თაროზე გაწყობის სქემა დაზიანების სტატუსი არ გაიცემა მუდმივი მდებარეობა (დაცვის ადგილი) ამჟამინდელი ადგილსამყოფელი თაროზე განთავსების ადგილი შეძენის თარიღი ღირებულება, შესყიდვის ნორმალური ფასი სრული შენახვის შიფრი შტრიხკოდი ბოლო ოპერაციის თარიღი ეგზემპლარის მიმდევრობითი ნომერი (კეტერი?) ფასის ძალაში შესვლის თარიღი ეგზემპლარის სახეობა საჯარო შენიშვნა
          ბათუმის შოთა რუსთაველის სახელმწიფო უნივერსიტეტის მთავარი ბიბლიოთეკა ბათუმის შოთა რუსთაველის სახელმწიფო უნივერსიტეტის მთავარი ბიბლიოთეკა წიგნსაცავი 2024-07-08 35.00 339.7(075.8)ს-21 68515 2024-07-08 68515 2024-07-08 წიგნი 35.00
          ბათუმის შოთა რუსთაველის სახელმწიფო უნივერსიტეტის მთავარი ბიბლიოთეკა ბათუმის შოთა რუსთაველის სახელმწიფო უნივერსიტეტის მთავარი ბიბლიოთეკა წიგნსაცავი 2024-07-08 35.00 339.7(075.8)ს-21 68516 2024-07-08 68516 2024-07-08 წიგნი 35.00
          ბათუმის შოთა რუსთაველის სახელმწიფო უნივერსიტეტის მთავარი ბიბლიოთეკა ბათუმის შოთა რუსთაველის სახელმწიფო უნივერსიტეტის მთავარი ბიბლიოთეკა წიგნსაცავი 2024-07-08 35.00 339.7(075.8)ს-21 68517 2024-07-08 68517 2024-07-08 წიგნი 35.00
          ბათუმის შოთა რუსთაველის სახელმწიფო უნივერსიტეტის მთავარი ბიბლიოთეკა ბათუმის შოთა რუსთაველის სახელმწიფო უნივერსიტეტის მთავარი ბიბლიოთეკა წიგნსაცავი 2024-07-08 35.00 339.7(075.8)ს-21 68518 2024-07-08 68518 2024-07-08 წიგნი 35.00
          ბათუმის შოთა რუსთაველის სახელმწიფო უნივერსიტეტის მთავარი ბიბლიოთეკა ბათუმის შოთა რუსთაველის სახელმწიფო უნივერსიტეტის მთავარი ბიბლიოთეკა წიგნსაცავი 2024-07-08 35.00 339.7(075.8)ს-21 68519 2024-07-08 68519 2024-07-08 წიგნი 35.00